[Event "Uljanovsk Sidorov op"]
[Site "Uljanovsk"]
[Date "2012.07.13"]
[Round "5.1"]
[White "Kim, Sergey"]
[Black "Pegov, Valery"]
[Result "1/2-1/2"]
[WhiteElo "2067"]
[BlackElo "1587"]
[PlyCount "32"]
[EventDate "2012.07.12"]
[EventType "swiss"]
[EventRounds "9"]
[EventCountry "RUS"]
[SourceTitle "EXT 2022"]
[Source "ChessBase"]
[SourceDate "2021.10.06"]
[SourceVersion "1"]
[SourceVersionDate "2021.10.06"]
[SourceQuality "1"]

1. d4 d6 2. e4 g6 3. Nf3 Bg7 4. h3 Nf6 5. Bd3 a6 6. 0-0 0-0 7. Re1 Nc6 8. c3 b5 9. a4 Rb8 10. b4 e5 11. axb5 axb5 12. d5 Ne7 13. Qe2 Bd7 14. Ra5 c5 15. Bxb5 cxb4 16. cxb4 Qb6 1/2-1/2